Spots in space

Bibliographic Details
Main Author: Lavelle, Sheila
Other Authors: CROSBY, Emma
Format: Book
Published: London : Orchard Books , 1988
Series:A Jupiter Jane story
Subjects:

MARC

LEADER 00000cam a2200000 7i4500
001 0000001880
002 000002043
005 .0
020 |a 1852130849 
090 0 0 |a JF   |b LAV 
100 1 |a Lavelle, Sheila 
245 1 0 |a Spots in space   |c Sheila Lavelle illustrated by Emma Crosby 
260 |a London :   |b Orchard Books ,   |c 1988 
300 |a 64p. :   |b ill ;   |c 20cm. 
490 0 |a A Jupiter Jane story 
650 0 0 |a Children's stories 
700 1 |a CROSBY, Emma 
999 |a 034989   |b BUKU   |c PINJAMAN   |e PERPUSTAKAAN KOMUNITI PETALING JAYA